| 000 | 00441nam a2200157 i 4500 | ||
|---|---|---|---|
| 001 | 28248 | ||
| 003 | ES-MaACL | ||
| 005 | 20230906153815.0 | ||
| 007 | t| | ||
| 008 | 030116s1960 sp ||||1| spa d | ||
| 100 | 1 |
_aBadenes Gasset, Ramón. _924527 |
|
| 245 | 1 | 4 |
_aLas fundaciones de Derecho privado / _cRamón Badenes Gasset. |
| 260 |
_aBarcelona : _bAcervo, _c[1960] |
||
| 300 |
_a315 p. ; _c22 cm. |
||
| 852 |
_aES-MaACL _jC-17629 _bR.45726 |
||
| 999 |
_c28248 _d28248 |
||